书目信息 |
| 题名: |
基因免疫的原理和方法
|
|
| 作者: | 姜勋平 | |
| 分册: | ||
| 出版信息: | 北京 科学出版社 2004 |
|
| 页数: | 225 | |
| 开本: | 26cm | |
| 丛书名: | ||
| 单 册: | ||
| 中图分类: | Q939.91 | |
| 科图分类: | ||
| 主题词: | 微生物学--应用 | |
| 电子资源: | ||
| ISBN: | 7-03-012588-6 | |
| 000 | 00525nam0 2200181 450 | |
| 001 | 0741144344 | |
| 005 | 20070817112544.34 | |
| 010 | @a7-03-012588-6@d¥38.00 | |
| 100 | @a20070817d km y0chiy0120 ea | |
| 101 | 0 | @achi |
| 200 | 1 | @a基因免疫的原理和方法@Aji yin mian yi de yuan li he fang fa@f姜勋平@Fjiang xun ping |
| 210 | @a北京@c科学出版社@d2004 | |
| 215 | @a225@d26cm | |
| 606 | 0 | @a微生物学@x应用 |
| 690 | @aQ939.91@v3 | |
| 701 | 0 | @a姜勋平@Ajiang xun ping |
| 801 | 0 | @aCN@bPFT@c20070817 |
| 905 | @a213230@dQ939.91@en6@f1 | |
| 基因免疫的原理和方法/姜勋平.-北京:科学出版社,2004 |
| 225;26cm |
| ISBN 7-03-012588-6:¥38.00 |
| ● |
| 相关链接 |
|
|
|
|
正题名:基因免疫的原理和方法
索取号:Q939.91/n6
 
预约/预借
| 序号 | 登录号 | 条形码 | 馆藏地/架位号 | 状态 | 备注 |
| 1 | 6601730 | 266017302 | 密集书库-生命科学系/ [索取号:Q939.91/n6] | 在馆 | |
| 2 | 6601731 | 266017311 | 密集书库-生命科学系/ [索取号:Q939.91/n6] | 在馆 |